Fluid mechanics with engineering applications / (Record no. 592530)

000 -LEADER
fixed length control field 01119nam a22001457a 4500
040 ## - CATALOGING SOURCE
Transcribing agency NUST
082 ## - DEWEY DECIMAL CLASSIFICATION NUMBER
Classification number 532,DAU
100 ## - MAIN ENTRY--PERSONAL NAME
Personal name Daugherty, Robert L.
9 (RLIN) 3057
245 ## - TITLE STATEMENT
Title Fluid mechanics with engineering applications /
Statement of responsibility, etc. Robert L. Daugherty, Joseph B. Franzini, and E.John Finnemore
250 ## - EDITION STATEMENT
Edition statement SI Metric Edition
260 ## - PUBLICATION, DISTRIBUTION, ETC.
Place of publication, distribution, etc. Lahore
Name of publisher, distributor, etc. NAtional Book Foundation
Date of publication, distribution, etc. 2000
300 ## - PHYSICAL DESCRIPTION
Extent xiv, 596 p.:
505 ## - FORMATTED CONTENTS NOTE
Formatted contents note Properties of Fluids (Page-1), Fluid Statics (Page-22), Kinematics of Fluid Flow (Page-64), Energy Considerations in Steady Flow (Page-87), Basic Hydrodynamics (Page-1280, Momentum and Forces in Fluid Flow (Page-147), Similitude and Dimensional Analysis (Page-185), Steady In compressible Flow in Pressure Conduits (Page-203), Steady Flow of Compressible Fluids (Page-266), Forces on Immersed Bodies (Page-295), Steady Flow in Open Channels (Page-340), Fluid Measurements (Page-399), Unsteady-flow Problems (Page-447), Similarity laws and Factors for Turbocharges (Page-470), Impulse Turbines (Page-482), Reaction Turbines (Page-507), Centrifugal and Axial-flow Pumps (Page-536).
942 ## - ADDED ENTRY ELEMENTS (KOHA)
Source of classification or shelving scheme
Koha item type Book
Call number suffix 532,DAU
Holdings
Withdrawn status Lost status Source of classification or shelving scheme Damaged status Not for loan Permanent Location Current Location Shelving location Date acquired Total Checkouts Full call number Barcode Date last seen Price effective from Koha item type Public note
          Military College of Signals (MCS) Military College of Signals (MCS) General Stacks 11/29/2022   532,DAU MCS116A 11/29/2022 11/29/2022 Book Almirah No.16, Shelf No.2
© 2023 Central Library, National University of Sciences and Technology. All Rights Reserved.